| 000 | 00848cam a2200265 a 4500 | ||
|---|---|---|---|
| 001 | 4751074 | ||
| 005 | 20250314193458.0 | ||
| 008 | 850722s1986 paua b 001 0 eng c | ||
| 020 | _a0803661649 | ||
| 050 | 1 | 0 |
_aRM865 _b.T48 1986 |
| 082 | 0 | 0 |
_a615.8/329 _219 |
| 245 | 0 | 0 |
_aThermal agents in rehabilitation / _cSusan L. Michlovitz, editor ; Steven L. Wolf, editor-in-chief. |
| 260 |
_aPhiladelphia : _bF. A. Davis, _cc1986. |
||
| 300 |
_axxiii, 317 p. : _bill. ; _c25 cm. |
||
| 440 | 0 |
_aContemporary perspectives in rehabilitation ; _vv. 1 |
|
| 650 | 0 | _aThermotherapy. | |
| 650 | 0 |
_aCold _xTherapeutic use. |
|
| 650 | 0 | _aPhysical therapy. | |
| 650 | 2 |
_aCold _xtherapeutic use. |
|
| 650 | 2 |
_aHeat _xtherapeutic use. |
|
| 650 | 2 |
_aRehabilitation _xmethods. |
|
| 700 | 1 | _aMichlovitz, Susan L. | |
| 700 | 1 | _aWolf, Steven L. | |
| 942 |
_2lcc _cBK _n0 |
||
| 999 |
_c4837 _d4837 |
||